000 02473cam a22003857a 4500
003 CHAP
005 20251119144251.0
008 051129d2005 mx r 00110 spa d
010 _a91448
011 _a92420
035 _a102984
040 _cCHAP
090 _aTesis
100 0 0 _aPérez Rivera, Pedro.
245 1 3 _aEl efecto de los agregados monetarios M1 y M4 en la inflación/
_cpor Pedro Pérez Rivera; director Oscar Javier Galindo Tijerina.
264 _aChapingo, Méx. :
_bEl autor,
_c2005.
300 _a78 h.
502 _bLicenciado en Economía Agrícola.
_cDivisión de Ciencias Económico Administrativas,
_d2005.
520 _aEn esta investigación se analizan los efectos que provocan los diferentes niveles de los Agregados Monetarios, durante el período 1995 al 2005, donde se han ubicado como temas principales para un buen manejo de la política monetaria de México. Al respecto se llevaron a cabo análisis econométricos mediante el uso de Modelos de Rezagos Distribuidos, utilizando el Modelo de Koyck y el Modelo de Almon. Los resultados obtenidos reflejan que la influencia que tienen los Agregados Monetarios en la inflación es inelástica, es decir, el efecto que provoca tanto M1 como M4 en la inflación no es proporcional. Para el caso del Modelo de Koyck, los efectos totales son inferiores a 0.5, en otras palabras, un aumento del 1%, en los Agregados provoca que la inflación aumente menos del 1%. También en el caso del Modelo de Almon, se vio que el efecto de los Agregados tiene una tendencia de aumento en los períodos previos y disminuye hasta ya no presentarse. Por lo anterior, se ha concluido que los cambios en la masa monetaria no son los únicos que ayudan a mantener estable la inflación, existen otros que también deben ser tomados en cuenta.
590 _aALEPH
_b10
_c20130110
590 _aBATCH-UPD
_b10
_c20130110
590 _aBATCH-UPD
_b10
_c20130410
590 _aBATCH-UPD
_b10
_c20130914
590 _aCONVERSION
_b10
_c20130109
650 1 4 _aCuestión monetaria.
650 1 4 _aInflación.
650 1 4 _aModelos econométricos.
700 1 _aPérez Rivera, Pedro
_edirector.
856 4 2 _uhttp://10.13.5.2/tesis/102984.pdf
_yDESCARGAR PDF
901 _aBK
905 _aLilia
942 _cTesis
_2Clasificación Universidad Autónoma Chapingo
949 _aTesis
_bBC
_cTES
_d33724000970414
_eTS1
_h44400
_i102984
_sb
949 _aTesis
_bBC
_cTES
_d33724000970471
_eTS2
_fc.2
_h44401
_i102984
_sb
999 _c91448
_d91448